000 00479nam a2200169Ia 4500
005 20250425160636.0
008 250425s9999 xx 000 0 und d
041 _aspa
082 _a620.4
245 0 _aCEMENTOS: DETERMINACION DE LA EXPANSION METODO DEL AUTOCLAVE
250 _a1A ED.
260 _aEcuador
_bINEN
_c1975
260 _aS.L.
500 _aD-14610 s/200. INEN BIBL. 28.06.94 DONACION General Impreso NORMA INEN 200: 1975-10
942 _c01
010 _a1019
999 _c193207
_d193207